000 nam a22 7a 4500
999 _c57468
_d57468
020 _a1856044114
041 _aeng
082 _a029.7
_bDEE
100 _aDeegan, Marilyn
245 _aDigital futures : strategies for the information age/
_cby Marilyn Deegan
260 _aLondon:
_bLibrary Association Publishing,
_c2002.
300 _axii,276p.;
_c22cm.
490 _aDigital future series
500 _aIncludes Bibliography: p.243-259 Glossary and index.
650 _aDigital Libraries
650 _aDigitization of Information
650 _aDigital Information Centre
942 _cBK